00695nam a2200241 a 4500001001300000003000900013005001700022008004100039020000800080082001600088100001800104245004900122260005300171300000900224500003500233505001000268650001500278700001800293902000800311942000700319952011200326999001500438nice12345678IN_TiNIC20260116011528.0050524s1953 newa grp 000 0 eng  ac000a651.02bNEU aNeuner, J J W aOffice Managementb Principles and Practices aNew YorkbSouth-Western Publishing Companyc1953 a751p aincludes index and biblioraphy2 aIndex aManagement1 aNeuner, J J W bSRS cBK 001040708StackRoom-aHMIbHMId2005-05-24g0.00l0o651.02 NEUp02247r2005-05-24v0.00w2005-05-24yBK c2337d2337